| 000 | 00708nam a2200229Ia 4500 | ||
|---|---|---|---|
| 005 | 20250508165725.0 | ||
| 008 | 008 250505s9999 xx 000 0 eng d | ||
| 020 | _a978-0-415-81395-2 | ||
| 037 | _aReference | ||
| 040 |
_aFEDL _beng _cFEDL |
||
| 041 |
_aeng _2eng |
||
| 084 |
_a338.473 701 3, TUR/RR _qFEDL |
||
| 100 |
_aTurner David A Ed. _9781716 |
||
| 245 | 0 | _aNeo- liberal educational reforms: A critical analysis | |
| 260 |
_aNew York, USA _bRoutledge _c2014 |
||
| 300 | _axviii, 229p. | ||
| 365 |
_aINR _b9125 |
||
| 490 | _aRoutledge Research in Education | ||
| 700 |
_a Yolcu Huseyin Ed. _9781717 |
||
| 942 |
_cREF _h338.473 701 3, TUR/RR |
||
| 999 |
_c1397054 _d1397054 |
||